| 000 | 00429nam a2200133 a 4500 | ||
|---|---|---|---|
| 008 | 120416s1982 xx |||||||||||||| || u | ||
| 050 | _aNK 1510 Law | ||
| 100 | _aLawson, Bryan | ||
| 245 | 1 | 0 | _aHow designers think |
| 260 | _c1982 | ||
| 350 | _a0.00 | ||
| 650 | _aDESIGN | ||
| 995 |
_D0.00 _FCBU-MAIN LIBRARY (Kitwe) _H1 _I0.00 _M1 _UAVAILABLE _ZMain Library Open Access Collection |
||
| 999 |
_c45760 _d45760 |
||